| 000 | 00578nam a2200157 a 4500 | ||
|---|---|---|---|
| 008 | 120718s1969 ||||||||||||||||| || u | ||
| 020 | _a030745454 | ||
| 050 | _aKJ 445 Edw | ||
| 100 | _aEdwards, David V | ||
| 245 | 1 | 0 |
_aInternational political analysis _cDavid V. Edwards |
| 260 |
_aNew York _bHolt, Rinehart and Winston _c1969 |
||
| 300 | _axiii, 366p.: ill. | ||
| 500 | _aBibliography | ||
| 650 | _aINTERNATIONAL RELATIONS | ||
| 995 |
_aSPECIAL COLLECTIONS _e500037 _FCBU-DAG HAMMARSKJOLD INSTITUTE LIBRARY _jDAG KJ 445 Edw _M1 _UAVAILABLE _WAug 17, 2012 _y500037 _ZDHIPS Book Collection |
||
| 999 |
_c317 _d317 |
||